000 00622cam a2200181 a 4500
020 _a0669352500
050 0 0 _aQA303
_b.L328 1994
100 1 _aLarson, Ron,
_d1941-
245 1 0 _aCalculus of a single variable /
_cRoland E. Larson, Robert P. Hostetler, Bruce H. Edwards ; with the assistance of David E. Heyd.
250 _a5th ed.
260 _aLexington, Mass. :
_bD.C. Heath,
_cc1994.
300 _axxxvii, 713, 103 p. :
500 _aIncludes index.
700 1 _aHostetler, Robert P.
700 1 _aEdwards, Bruce H.,
856 4 2 _uhttp://www.loc.gov/catdir/enhancements/fy1512/94139381-b.html
942 _2lcc
_cGEN
999 _c11703
_d11703